Marvel vs. Capcom 2 (Characters) - Statistics

General Stats
  • This quiz has been taken 285 times
  • The average score is 40 of 57
Answer Stats
Answer % Correct
Spider-Man
97%
Wolverine
94%
Wolverine (Bone C.)
94%
Captain America
92%
Iron Man
92%
Hulk
90%
Ryu
89%
Cyclops
86%
Ken
86%
Venom
86%
Magneto
84%
Mega Man
84%
Storm
84%
Chun-Li
81%
Thanos
80%
Cable
78%
Akuma
77%
Doctor Doom
76%
Gambit
76%
War Machine
76%
Rogue
75%
Morrigan Aensland
73%
Sentinel
73%
Iceman
72%
Juggernaut
72%
Guile
70%
M. Bison
70%
Psylocke
70%
Zangief
69%
Jill Valentine
68%
Shuma-Gorath
68%
Cammy
67%
Dan
67%
Dhalsim
67%
Roll
67%
Blackheart
66%
Colossus
64%
Ruby Heart
64%
Felicia
63%
Strider Hiryu
62%
Sakura
61%
Silver Samurai
60%
Tron Bonne
60%
B.B. Hood
59%
Charlie
59%
Amingo
58%
Captain Commando
58%
Marrow
58%
Omega Red
57%
Sabretooth
57%
Spiral
57%
Anakaris
54%
Jin Saotome
52%
Servbot
52%
SonSon
52%
Abyss
49%
Hayato Kanzaki
49%
No matching quizzes found
Score Distribution
Percent of People with Each Score
Percentile by Number Answered
Your Score History
You have not taken this quiz